[Event "EU-chT U18"]
[Site "Iasi"]
[Date "2023.07.29"]
[Round "6.4"]
[White "Vagman, Roy"]
[Black "Stepanencu, Nicodim Cosmin"]
[Result "1/2-1/2"]
[WhiteElo "2276"]
[BlackElo "2305"]
[PlyCount "101"]
[EventDate "2023.07.24"]
[EventType "team-swiss"]
[EventRounds "7"]
[EventCountry "ROU"]
[SourceTitle "CBM 215 Extra"]
[Source "ChessBase"]
[SourceDate "2023.09.30"]
[SourceVersion "1"]
[SourceVersionDate "2023.09.30"]
[SourceQuality "1"]
[WhiteTeam "Israel Blue U18"]
[BlackTeam "Romania U18"]
[WhiteTeamCountry "ISR"]
[BlackTeamCountry "ROU"]

1. e4 d6 2. d4 Nf6 3. Nc3 e5 4. Nf3 exd4 5. Nxd4 Be7 6. Bf4 0-0 7. Bd3 Re8 8. 0-0 Bf8 9. Qd2 Nbd7 10. Rfe1 Ne5 11. Bf1 Ng6 12. Bg3 Nh5 13. Rad1 c6 14. Bc4 Bd7 15. Nde2 Nxg3 16. Nxg3 b5 17. Bb3 Qf6 18. a4 a6 19. axb5 axb5 20. Ra1 Qe5 21. Rab1 h5 22. Nf1 Nf4 23. Re3 g6 24. Rd1 h4 25. Kh1 Ra7 26. Rf3 Ne6 27. Qe3 Rb7 28. h3 Bc8 29. Nh2 Ng5 30. Rf4 b4 31. Ne2 Nxe4 32. Nf3 Ng3+ 33. Nxg3 Qxe3 34. fxe3 hxg3 35. Nd4 c5 36. Rdf1 Ree7 37. Nc6 Rxe3 38. Bxf7+ Kg7 39. Bd5 Bf5 40. Nd4 Rbe7 41. Nxf5+ gxf5 42. Rxf5 R3e5 43. R5f3 Rxd5 44. Rxg3+ Kh7 45. Rxf8 Rd2 46. Rf4 Kh8 47. Rh4+ Rh7 48. Rhg4 Rf7 49. Rh4+ Rh7 50. Rhg4 Rf7 51. Rh4+ 1/2-1/2

[Event "Titled Tuesday intern op 11th Jul Early"]
[Site "Chess.com INT"]
[Date "2023.07.11"]
[Round "2"]
[White "Stepanencu, Nicodim Cosmin"]
[Black "Tsyhanchuk, Stanislav"]
[Result "1-0"]
[WhiteElo "2305"]
[BlackElo "2273"]
[PlyCount "57"]
[EventDate "2023.07.11"]
[EventType "swiss (blitz)"]
[EventRounds "11"]
[EventCountry "USA"]
[SourceTitle "EXT 2024"]
[Source "ChessBase"]
[SourceDate "2023.10.10"]
[SourceVersion "1"]
[SourceVersionDate "2023.10.10"]
[SourceQuality "1"]

1. c4 Nf6 2. Qc2 e6 3. Nf3 d5 4. e3 b6 5. cxd5 exd5 6. Bb5+ Bd7 7. Be2 c5 8. b3 Nc6 9. a3 Bd6 10. Bb2 0-0 11. d3 Re8 12. Nbd2 Ne5 13. Nxe5 Bxe5 14. Bxe5 Rxe5 15. b4 Rc8 16. bxc5 bxc5 17. 0-0 Bf5 18. Nf3 Re7 19. Qd2 h6 20. h3 Rb7 21. Rfc1 Qb6 22. Bf1 Qb2 23. Qa5 c4 24. dxc4 Ne4 25. Qe1 dxc4 26. Rab1 c3 27. Ba6 Ng5 28. Rxb2 cxb2 29. Rxc8+ 1-0